000 00770 a2200229 4500
005 20251205151854.0
008 251205b |||||||| |||| 00| 0 eng d
020 _a9780691206462 (hbk)
037 _cTB
040 _aCRL
_cCRL
041 _2eng
_aeng
084 _aW,8 R0
_qCRL
100 _aFleming, Sean
_9822151
245 _aLeviathan on a leash :
_btheory of state responsibility
260 _aPrinceton, New Jersey:
_bPrinceton University Press,
_c2020.
300 _axiii, 202p.
365 _b45.00
_cUSD
650 _aPolitical Science
_9854960
650 _aAdministrative
_9854961
942 _cTB
_2CC
_n0
_hW,8 R0
999 _c1435928
_d1435928